000 00425nam a2200109Ia 4500
008 171204s9999 xx 000 0 und d
245 _aNarrative Development Of School Children: Studies From Multilingual Families In Taiwan By Kao Shin-mei
245 _cKao Shin-Mei
260 _c2014
650 _xPRF Ed 1: Child & Adolescent Development
856 _uhttp://down.ebook777.com/002/NarDevOfSchChiStuFroMulFamInTaiByKaoShi.pdf
999 _c345846
_d345846